000 01024cam a2200265 4500
001 ABS62568
008 000000n2000 000 0 eng u
035 _a(Sirsi) u107518
100 _aGoodwin, V.
245 _aTheme: lifts, stairs and escalators
260 _c2000
490 _aAJ Focus
_v7(14) July 2000, 43-52(6)
520 _aThe Disability Discrimination Act 1995 (DDA) states that employers have a duty to make 'reasonable' adjustments to allow access for disabled employees. Examines what that means in practice, and discusses passenger lifts; wheelchair stairlifts and escalators.
590 _aABS
650 _aDISABILITY DISCRIMINATION ACT 1995
650 _aBUILDING REGULATIONS PART M
650 _aWHEELCHAIR STAIRLIFTS
650 _aESCALATORS
650 _aACCESS
650 _aBS 5810
650 _aREASONABLE ACCESS
650 _aMANAGEMENT-BUSINESS MANAGEMENT-DISCRIMINATION-DISABILITY DISCRIMINATION-ACCESSIBILITY
690 _aBUILT ENVIRONMENT-CONSTRUCTION DESIGN
942 _n0
999 _c64261
_d64261